LEADER 01110cam0-22003971i-450- 001 990003128630403321 005 20160407092120.0 035 $a000312863 035 $aFED01000312863 035 $a(Aleph)000312863FED01 035 $a000312863 100 $a20030910d1974----km-y0itay50------ba 101 0 $aita 102 $aIT 105 $ay-------001yy 200 1 $aMercato del lavoro e classi sociali in Italia$ericerche sulla composizione del proletariato$fMassimo Paci 205 $a2. ed. 210 $aBologna$cil Mulino$d1974 215 $a351 p.$d22 cm 225 1 $aStudi e ricerche$v27 676 $a14230 676 $a18200 700 1$aPaci,$bMassimo$032227 801 0$aIT$bUNINA$gRICA$2UNIMARC 901 $aBK 912 $a990003128630403321 952 $aDPR 28-255$b4685$fDEC 952 $a18200 PAC$b6014/I$fSES 952 $a18200 PAC/1$b6060/I$fSES 952 $aSE 088.03.13-$fDECSE 952 $aSE 034.07.13-$b2745$fDECSE 959 $aDEC 959 $aSES 959 $aDECSE 996 $aMercato del lavoro e classi sociali in Italia$945914 997 $aUNINA LEADER 00760nas 22002652a 450 001 9910402042403321 005 20240413012546.0 035 $a(CKB)991042754058224 035 $a(CONSER)sn-98000918- 035 $a(EXLCZ)99991042754058224 100 $a19980701a19989999 --- - 101 0 $aeng 181 $ctxt$2rdacontent 182 $cc$2rdamedia 183 $acr$2rdacarrier 200 00$aCountry review$iEgypt 210 $aHouston, TX $cCommercial Data International 215 $a1 online resource 311 08$aPrint version: Country review. 1520-1716 (DLC)sn-98000918- (OCoLC)39378368 517 3 $aEgypt 906 $aJOURNAL 912 $a9910402042403321 920 $aexl_impl conversion 996 $aCountry review$92425273 997 $aUNINA